El Mar, els llibres : exposició internacional d'ex-libris marítims : gener - febrer de 2007 exposició internacional d'ex-libris marítims :
Descripción Física:
32 p. : il. ; 12 cm
Otros Autores:
Museu Marítim (Barcelona)
Materias:
Ex-libris -- Exposicions
MARC
| LEADER | 00000nam a2200000Ia 4500 | ||
|---|---|---|---|
| 001 | 18589 | ||
| 008 | 160829s2007 xx 000 0 cat d | ||
| 080 | |a FU-35-19 | ||
| 245 | |a El Mar, els llibres : |b exposició internacional d'ex-libris marítims : |b gener - febrer de 2007 | ||
| 260 | |a [Barcelona] : |b Museu Marítim. Drassanes Reials del Barcelona, |c 2007 | ||
| 300 | |a 32 p. : |b il. ; |c 12 cm | ||
| 650 | |a Ex-libris |x Exposicions |9 41451 | ||
| 700 | |a Museu Marítim (Barcelona) | ||
| 901 | |a Arxiu | ||
| 942 | |n 1 | ||
| 952 | |0 0 |1 0 |4 0 |6 FU3519 |7 1 |9 50214 |a Arxiu |b Arxiu |d 2016-12-01 |l 0 |o FU-35-19 |p 18589 |r 2016-12-01 00:00:00 |w 2016-12-01 |y ARXIU | ||
| 999 | |c 54056 |d 54056 | ||